Anthropological archaeology
Αποθηκεύτηκε σε:
| Κύριος συγγραφέας: | |
|---|---|
| Μορφή: | Βιβλίο |
| Γλώσσα: | English |
| Δημοσίευση: |
New York :
Columbia University Press,
1984
|
| Θέματα: | |
| Ετικέτες: |
Προσθήκη ετικέτας
Δεν υπάρχουν, Καταχωρήστε ετικέτα πρώτοι!
|
MARC
| LEADER | 00000nam a2200000 i 4500 | ||
|---|---|---|---|
| 001 | 1/66266 | ||
| 008 | 990115s1984 eng d | ||
| 020 | |a 0-231-05662-1 | ||
| 035 | |l 10047276 | ||
| 040 | |a GR-MY-UA |b gre |e aacr | ||
| 041 | 0 | |a eng | |
| 082 | 0 | |a 930.1 | |
| 100 | 1 | |a Gibbon, Guy E. |d 1939- | |
| 245 | 1 | 0 | |a Anthropological archaeology / |c Guy Gibbon |
| 260 | |a New York : |b Columbia University Press, |c 1984 | ||
| 300 | |a 455 p. |b fig. | ||
| 504 | |a Includes bibliographical references, index and glossary | ||
| 650 | 0 | 0 | |a Social archaeology. |
| 650 | 0 | 0 | |a Ethnoarchaeology. |
| 852 | |a INST |b LESVOS |e 19990115 |h 930.1 GIB |p 005100017075 |q 005100017075 |t BK |y 0 | ||
| 909 | |a Λ |b 061554 | ||
| 922 | |a 1ΕΛΗ |b 199812 |c ΚΠΣ/ΤΚΑ |d ΠΑΠΑΣΩΤΗΡΙΟΥ | ||
| 950 | |a 117-1998-07-08 | ||